Statistics for Cuban Foods

Click here to take the quiz!

General Stats

  • This quiz has been taken 4 times
  • The average score is 8 of 30

Answer Stats

DescriptionAnswer% Correct
Famous cocktail of cola, rum and lime juiceCuba {libre}
100%
Dish of Cuban bread filled with ham, roasted pork, Swiss cheese, gherkins and mustardCuban {sandwich}
100%
Staple Latin American Dish that translates from Spanish to 'rice with chicken'Arroz con pollo
75%
Cocktail of white rum, mint, lime juice, sugar and soda waterMojito
75%
Latin American dish of filled masa (maize flour dough) wrapped and steamed in leavesTamales
75%
Traditional dish of rice and (typically black) beansMoros y Cristianos
50%
Shredded beef stew that is considered the national dishRopa vieja
50%
Fried and shredded skirt or flank steak dish; literally 'fried cow' in SpanishVaca frita
50%
Cassava fries are known as '____ frita' in CubaYuca
50%
The malt drink 'Malta' is typically sweetened with this dairy product by CubansCondensed milk
25%
Circle of crispy, toasted bread with a pocket of filling; translates from Spanish to 'frisbee' or 'flying disc'Disco volador
25%
Term for a box used to roast meats such as pork which is named such due to its introduction to Cuba by immigrants from this East Asian countryLa caja {china}
25%
Spicy sauce of Canarian origin that is popular in Caribbean cuisineMojo
25%
Spanish name for Cuban pastries that can have several fillings, such as cheese and guavaPasteles/pastelitos
25%
The Cuban adaptation of this Italian flatbread dish is often folded in half, and uses gouda and mozzarella, alongside a plumper doughPizza
25%
Sautéed mix of garlic, onion, peppers, and tomatoes that is used as a base in the above dish and many other Spanish and Latin American dishesSofrito
25%
Name either of the two most popular fried plantain side dishesTostones or Maduros
25%
Fruit that resembles a sour, orange lycheeAnoncillo
0%
Rice side dish that uses annatto as a yellow food colouringArroz amarillo
0%
Pot roast beef stuffed with hamBoliche
0%
Dessert of guavas simmered in vanilla sugar that is red in colourCasquitos de guayaba
0%
Coconut dessert balls with a caramel exterior{Coquitos} acaramelados
0%
Sweets made from milk, sugar, water and a small amount of saltCremitas de leche
0%
Shrimp cooked in a rich, spiced tomato sauce; can be described as a Cuban-style shrimp creoleEnchilado de camarones
0%
Chicken pieces simmered in a tomato and wine sauce with vegetablesFricase de pollo
0%
Burger filled with a beef and pork patty and shoestring potato friesFrita
0%
Deep-fried sweetcorn frittersFrituras de maíz
0%
Version of this Ghanaian swallow dough which contains solely plantains, as opposed to the traditional mix of cassavas, plantains and cocoyams{Fufú} de plátano
0%
Potato croquettes (deep-fried rolls) stuffed with seasoned beef and onionsPapas rellenas
0%
Minced meat and tomato dish that is also popular in Mexico and the Philippines. Its name differs from the word 'picadilly' by one letterPicadillo
0%

Score Distribution

Percentile by Number Answered

Percent of People with Each Score

Your Score History

You have not taken this quiz